000 01667nam a2200421Ii 4500
001 127156
003 FINmELB
005 20241217180002.0
006 m o d |
007 cr cnu||||||||
008 231009s2018 sp o 000|0 spa d
020 _a9788490975800
_qebook
020 _z9788490975695
035 _a(OCoLC)1405222130
040 _aFINmELB
_bspa
_erda
_cFINmELB
043 _ae-sp---
050 1 4 _aJN8341
_b.T677 2018
080 _a329.055.4
082 0 4 _a320.946
_223
100 1 _aTorres Mora, José Andrés,
_d1960-
_eautor.
245 1 3 _aLa izquierda es la libertad /
_cJosé Andrés Torres Mora.
264 1 _aMadrid :
_bCatarata,
_c[2018]
300 _a1 recurso en línea
336 _atexto
_btxt
_2rdacontent/spa
337 _acomputadora
_bc
_2rdamedia/spa
338 _arecurso en línea
_bcr
_2rdacarrier/spa
490 1 _aSerie ¿Qué es ser de izquierdas (hoy)?
588 _aDescripción basada en metadatos suministrados por el editor y otras fuentes.
590 _aRecurso electrónico. Santa Fe, Arg.: elibro, 2023. Disponible vía World Wide Web. El acceso puede estar limitado para las bibliotecas afiliadas a elibro.
650 4 _aIzquierda (Política)
_zEspaña.
650 4 _aDerecha e izquierda (Ciencia política)
651 4 _aEspaña
_xPolítica y gobierno
_yS.XXI.
655 4 _aLibros electrónicos.
776 0 8 _iVersión impresa:
_aTorres Mora, José Andrés, 1960-
_tIzquierda es la libertad.
_dMadrid : Catarata, [2018]
_z9788490975695
797 2 _aelibro, Corp.
830 0 _aSerie ¿Qué es ser de izquierdas (hoy)?
856 4 0 _uhttps://elibro.net/ereader/politecnicointernacional/233987
999 _c127156
_d127156